[Event "Grand Chess"]
[Site "Tours"]
[Date "2019.06.28"]
[Round "3.2"]
[White "Mamedyarov, Shakhriyar"]
[Black "Nepomniachtchi, Ian"]
[Result "0-1"]
[WhiteElo "2774"]
[BlackElo "2775"]
[EventDate "2019.??.??"]
[Annotator "Bojkov,Dejan"]
[PlyCount "64"]
[Beauty "8246874081289"]
[EventType "team-tourn"]
[EventCountry "CRO"]

1.d4 Nf6 2.c4 g6 3.Nf3 Bg7 4.e3 O-O 5.Be2 d6 6.Nc3 ( 6.O-O Nbd7 {1/2-1/2 (32) Mamedyarov,S (2817)-Nepomniachtchi,I (2763) Wijk aan Zee 2019} ) 6...Nbd7 7.O-O e5 8.b3 {A somewhat slow move. Since the center will be closed soon and both sides will have clear plans of playing on separate flanks, it made sense for White to push this pawn on b4 at once.} ( {At the beginning of the year, the two of them played a similar line after:} 8.Qc2 c6 9.b3 Re8 10.Ba3 exd4 11.Nxd4 Nc5 12.Rad1 Qe7 13.b4 Nce4 14.Bb2 Nxc3 15.Qxc3 d5 16.Nb3 Nh5 {with comfortable position for Black, Mamedyarov,S (2817) -Nepomniachtchi,I (2763) Wijk aan Zee 2019} ) 8...Re8 9.h3 {Another questionable decision. This pawn can well become a weakness very soon. Why should one voluntarily advance pawns on the side where one is weaker?} ( {White has to be careful when playing on the queenside as the following game showed:} 9.Bb2 e4 10.Nd2 Nf8 11.Nd5 $2 Nxd5 12.cxd5 Qg5 {Already winning material thanks to the double threat.} 13.Re1 ( 13.Bc4 Bh3 {wins the exchange.} ) 13...Qxd5 {with an extra pawn for Black in Bindrich,F (2606)-Teterev,V (2486) St Petersburg 2018} ) ( 9.Qc2 {would have transposed to their game from Wijk an Zee.} ) 9...e4 {The center is closed. Next Black will play on the kingside. His play is very typical and simple: push the h-pawn as far as possible and transfer the knight from d7 to g5 in a clear attempt to checkmate the enemy king. White on his turn will try to shatter the enemy queenside as quick as possible, thus keeping the opponent busy. Ideally, he wants to defend the opposite wing with as few pieces as possible.} 10.Nd2 $146 ( {Black did not have any problems either in the predecessor:} 10.Nh2 c6 11.Bd2 d5 12.c5 Nf8 13.b4 h5 14.a4 N6h7 15.b5 Ng5 {Mbatha,C-Sischy,M (1980) Khanty-Mansiysk 2010} ) 10...h5 11.b4 {It is evident that Mamedyarov lost a tempo on the queenside.} ( {Nepomniachtchi is right to claim that White's only attempt to justify the h2-h3 idea is to go for:} 11.f3 {Although there too, Black has excellent play after:} 11...exf3 12.Nxf3 Ne4 $5 13.Nxe4 Rxe4 14.Bd3 Re8 15.Qc2 Qe7 {With the point that:} 16.e4 {is answered:} ( 16.Bd2 c5 $1 ) 16...Nc5 ) 11...Nf8 12.Re1 Bf5 13.Bb2 Qd7 {The threat of a bishop sacrifice is already in the air.} 14.Nd5 $6 {Although White played carelessly up to now, it is only this move that can be named a mistake.} ( {As mentioned before, Mamedyarov would be happy to defend his kingside with as few pieces as possible, therefore:} 14.Bf1 $1 {stopping any sacrifices was called for. After:} 14...N8h7 {he can regroup in the center with:} 15.d5 {followed by Nd2-b3-d4 when it is anyone's game.} ) 14...Nxd5 15.cxd5 Qe7 $1 {Now Black manages to regroup nicely. The queen goes on a striking position at g5, whereas as Nepomniachtchi explained the rook can defend the c7-pawn sideways, from e7. Thus the queenside is stable and Black can concentrate on his kingside play.} 16.Rc1 Nh7 17.Qc2 Qg5 18.Qxc7 {Mamedyarov ventures into complications, but they favor his opponent instead as he is the one attacking the king.} ( {Two other moves to slow Black down were mentioned by Nepomniachtchi:} 18.h4 {to which Black will keep the initiative with:} 18...Qxh4 19.Qxc7 Nf6 ( 19...Bf8 $5 {also looks good.} ) 20.Qxb7 ( {Not:} 20.Qxd6 $2 Bf8 21.Qh2 ( 21.Qc7 Bxb4 ) 21...Qxh2+ 22.Kxh2 Bxb4 23.Red1 Nxd5 {with a solid extra pawn for Black.} ) 20...Reb8 ( 20...Bf8 $5 ) 21.Qc6 Bf8 {Next Black will keep building initiaive on the kingside.} ) ( {The other idea was:} 18.Kh1 {Although there too, Black has pleasant advantage after:} 18...Qh4 19.Kg1 ( {White should be always aware of the possible sacrifices:} 19.Rf1 $2 Bxh3 $1 20.gxh3 Ng5 {with crushing attack.} ) 19...Re7 {The game is pretty one-sided.} ) 18...Bxh3 19.Bf1 Bf8 20.Qxb7 Nf6 {The pawn that Black sacrificed is a negligible price for the kingside attack he gained.} 21.Qa6 Bc8 $1 22.Qa4 ( {After:} 22.Qe2 {Black intended to provoke further weakenings with:} 22...Ng4 {The threat is Qg5-h4-h2 mate, thus:} 23.f3 {is forced.} ) 22...Bd7 23.Qd1 Bg4 {One more provocation.} 24.f3 ( {If} 24.Be2 Bh3 25.Bf1 h4 $1 {is strong, intending Bh3xg2 and h4-h3.} ( {Although Nepomniachtchi said he could also go for the simple:} 25...Nxd5 ) ) ( {After} 24.Qa4 h4 {continues the attack.} ) 24...exf3 25.Nxf3 Qh6 $1 {The simplest.} ( {There is no need to allow any active play after:} 25...Qxd5 26.Rc7 Qxa2 ( {Or} 26...Rac8 ) ) 26.Qb3 h4 27.Ne5 {The last attempt to muddy the waters, but Black is super-cool.} ( {Objectively better was:} 27.Nh2 {although Black remains in control after:} 27...Bf5 ) 27...h3 ( {Of course:} 27...dxe5 28.dxe5 Nh5 {was possible, but Black made a move which he wanted to do anyway.} ) 28.Nxg4 ( {After:} 28.e4 {Black intended:} 28...hxg2 29.Bxg2 dxe5 30.dxe5 Nd7 {when White's position falls apart.} ) ( 28.gxh3 Bxh3 {would also see White getting checkmated quick.} ) 28...Nxg4 29.gxh3 Nxe3 {The wide king is wide open and once Nepomniachtchi consolidated Mamedyarov found nothing to play for:} 30.Rc3 Nf5 31.Rd1 Qh5 32.Rf3 Bh6 0-1

[Event "Grand Chess"]
[Site "Tours"]
[Date "2019.06.29"]
[Round "4.2"]
[White "Carlsen, Magnus"]
[Black "Mamedyarov, Shakhriyar"]
[Result "1/2-1/2"]
[WhiteElo "2875"]
[BlackElo "2774"]
[EventDate "2019.??.??"]
[Annotator "Bojkov,Dejan"]
[PlyCount "117"]
[Beauty "5155302979161"]
[EventType "team-tourn"]
[EventCountry "CRO"]

1.Nf3 Nf6 2.c4 g6 3.Nc3 d5 4.cxd5 Nxd5 5.h4 Nxc3 6.bxc3 Bg7 ( {Another choice is} 6...h6 7.e4 Bg7 8.d4 c5 9.Rb1 O-O 10.Be2 b6 11.Be3 Bb7 12.d5 e6 13.c4 {as in Mareco,S (2649)-Ivanchuk,V (2710) Batumi 2018.} ) 7.h5 c5 8.Rb1 {"I forgot some things here" (Mamedyarov). And born out of necessity came the next novelty.} 8...b6 $146 ( {A predecessor saw:} 8...Nc6 9.e3 b6 10.d4 cxd4 11.cxd4 Bf5 12.Rb2 Rc8 13.Bb5 O-O 14.hxg6 hxg6 15.Nh4 {Podzielny,K (2451) -Gutman,L (2415) Senden 2014.} ) 9.e4 O-O 10.hxg6 hxg6 11.d4 Bb7 {Apparently determined to punish his opponent for the challenging play, the world champion sank into deep thought and decided not only to win, but to tear his opponent into small pieces.} ( {Most likely White expected} 11...Bg4 ) 12.Ng5 ( {The world champion felt as if Black is completely lost after something simple like} 12.Bd3 {As} 12...Nc6 {is always met with} 13.d5 {and White's kingside attack is going unhindered.(Carlsen). Mamedyarov agreed with the assessment and, in fact, was very surprised that his opponent did not follow his usual style.} ) 12...cxd4 13.Qg4 {As it turned out, this was the right idea but the wrong way.} ( {The correct path lies in the transfer of the queen along the third rank with} 13.Bc4 $1 {Then} 13...Nd7 ( {Carlsen also calculated this option as he mentioned after the game that he saw} 13...Qc7 14.Qg4 $1 ( 14.Qb3 {as in the main line is also good.} ) 14...Qxc4 15.Rh8+ $3 Bxh8 16.Qh4 Kg7 ( 16...Rc8 17.Qh7+ Kf8 18.Qxh8# ) 17.e5 {with mate. This beautiful idea occurs often later.} ) 14.Qb3 ( {Also good and most likely strategically winning for White is the simple} 14.cxd4 ) 14...e6 ( {Now} 14...Ne5 {is met with} 15.cxd4 Qxd4 ( {If} 15...Nxc4 {then the same old from before:} 16.Rh8+ $1 Bxh8 17.Qh3 Kg7 18.e5 $1 ) 16.Qh3 Rfd8 17.Bxf7+ Nxf7 18.Qh7+ Kf8 19.Ne6+ {winning the queen and the game. (Ramirez)} ) 15.cxd4 {The queen is ready to land on h3 with unstoppable attack. It can be nicely supported by the dark-square bishop along the a3-f8 diagonal. The best thing is that White did not even have to sacrifice a pawn for it.} ) 13...Nd7 14.Qh3 ( {Carlsen calculated the beautiful line} 14.Bc4 Nf6 ( {However, here he saw the defense} 14...Qc7 $1 {and had to search for something else.} ) 15.Nxf7 $3 Nxg4 16.Nh6+ $1 Kh7 17.Nxg4+ Bh6 18.Bxh6 {with mate to come.} ) ( {It should be added that in case of} 14.e5 {, Mamedyarov had in mind the fantastic resource} 14...Nf6 $3 15.exf6 exf6 16.Qh3 Re8+ 17.Be2 {And now Black should not get too greedy with} 17...fxg5 ( {but instead should proceed with the attack} 17...Qe7 $1 18.Qh7+ Kf8 19.O-O fxg5 {when Black has a clear edge.} ) 18.Qh7+ Kf8 19.Ba3+ Re7 {when it is unclear who plays for the win.} ) 14...Nf6 15.e5 ( {If} 15.Nh7 {the same defense-} 15...Nh5 $1 ) 15...Nh5 16.e6 Qd5 $1 {I've completely missed this move" (Carlsen). Now tables are turned. It is the world champion who needs to seek salvation.} ( {However,} 16...f6 $1 {might have been even better. Black repels the attack after} 17.Bd3 fxg5 18.Bxg6 Rf6 {and has every chance to win.} ) 17.exf7+ Rxf7 18.Bd3 ( {According to the computer, it was better to throw in the active move} 18.Rb5 Qxa2 19.Nxf7 Qxf7 20.Qd7 {with unclear play.} ) ( {Whereas} 18.Nxf7 {gives Black too wide a choice. All the three possibilities are interesting:} 18...Qxf7 ( 18...dxc3 ) ( 18...Kxf7 ) ) 18...Qe5+ {Also missed by the world champion.} 19.Kd1 dxc3 ( {"I was lucky that} 19...Rxf2 20.Rb5 $1 {does not work for him" (Carlsen). In fact, White is calling the shots after} 20...Qd6 21.Bc4+ Kf8 22.Ne6+ ) 20.Nxf7 Kxf7 21.Re1 $1 {Short of time and frustrated, Carlsen now proves why he is the best player in the world, demonstrating epic defensive skills and nonhuman stamina against Mamedyarov, one of the world's finest attackers!} ( {There is no time for:} 21.Kc2 Nf4 22.Bxf4 Qxf4 ) 21...c2+ $1 {Opening every single line and diagonal against the white king. Survival does not seem possible.} ( {Otherwise White consolidates much easier. For example:} 21...Qd6 22.Kc2 Bd5 23.Qg4 Bxa2 24.Rb5 $1 ) ( {Or} 21...Qf6 22.Kc2 $1 Qxf2+ 23.Re2 {Hidden behind the c3 pawn, White can start thinking about counterattack.} ) 22.Bxc2 Rd8+ 23.Bd2 Qd6 24.Qe3 {The only move.} ( 24.Re2 $2 Nf4 ) 24...Nf4 {Then Nf4-g2 happens no matter what and Black wins, right?} 25.Kc1 $3 {No, there is another fantastic resource in this game.} 25...Bh6 ( {White's idea is revealed in the line:} 25...Nxg2 26.Bb4 $3 Nxe3 ( 26...Qf6 $2 27.Qxe7+ ) 27.Bxd6 Rxd6 28.fxe3 {although this is what Black should have played, according to Carlsen. Black has slight advantage in the endgame.} ) 26.Kb2 Rc8 ( {There is a curious draw in case of:} 26...Bg7+ 27.Bc3 Nxg2 28.Bb3+ Ke8 29.Ba4+ ) 27.Rbc1 e6 {Mamedyrov keeps playing for the win!} ( {Objectively better is to force a draw with} 27...Nd3+ 28.Qxd3 Bxd2 29.Rxe7+ Kxe7 30.Qxd6+ Kxd6 31.Rd1 Bxg2 32.Rxd2+ Bd5 33.Bxg6 ) 28.Kb1 Bxg2 29.Bb3 ( {White could have tried the nice tactical shot instead:} 29.Bxg6+ $1 Nxg6 ( 29...Kxg6 $2 30.Rxc8 ) 30.Qxh6 Be4+ 31.Kb2 Qd4+ 32.Bc3 Rxc3 33.Rxe4 $1 {This is the point.} ( {I assume that they both saw from afar only the line of} 33.Rxc3 Qxf2+ {when Black wins.} ) 33...Qxe4 34.Rxc3 Qe2+ {White preserves the material advantage, although his win is questionable due to the exposed king.} ) 29...Rxc1+ 30.Bxc1 {Carlsen stabilized the situation and might even start thinking about something more than a draw.} 30...Bh3 $1 {Mamedyarov's turn to regroup his troops.} 31.Bb2 Bf5+ 32.Ka1 Bg7 $1 {It is important to weaken the long diagonal.} 33.Bxg7 Kxg7 34.Rd1 ( 34.Qc3+ $5 {as pointed, Mamedyarov might have given some winning chances to White.} ) 34...Nd3 35.Bc4 Qe5+ 36.Qxe5+ Nxe5 37.Be2 g5 38.Rc1 Kf6 39.Rc7 Bd3 40.Bxd3 ( {If} 40.Bd1 {then Black can keep his queenside pawns with} 40...a5 41.Rb7 b5 ) 40...Nxd3 41.Rxa7 Nxf2 {The time trouble is over. The sharp middlegame battle led to a sharp endgame position. It turned out to be dynamically balanced, and both opponents proved equal to each other.} 42.Rb7 g4 43.Rxb6 g3 44.a4 ( {Another way to force the draw is} 44.Rb1 Kf5 45.a4 Ne4 46.a5 Nd2 47.Rb8 g2 48.Rg8 Nb3+ ) 44...Ne4 45.Rb1 Nc5 46.a5 Ke5 47.Kb2 Kf4 48.Kc3 g2 49.Kc4 Na6 50.Kb5 Nb8 51.Kc4 Na6 {Mamedyarov offers repetition.} ( {Or} 51...Kf3 52.Rb3+ ) 52.Kb5 Nb8 53.Kc4 Na6 54.Rg1 {But Carlsen wants to fix the draw his way.} 54...Kg3 55.Kd4 Kf2 56.Rxg2+ Kxg2 57.Ke5 Nc5 58.a6 Nxa6 59.Kxe6 {Epic!} 1/2-1/2

[Event "Grand Chess"]
[Site "Tours"]
[Date "2019.06.30"]
[Round "5.6"]
[White "Mamedyarov, Shakhriyar"]
[Black "Aronian, Levon"]
[Result "1/2-1/2"]
[WhiteElo "2774"]
[BlackElo "2752"]
[EventDate "2019.??.??"]
[Annotator "Bojkov,Dejan"]
[PlyCount "78"]
[Beauty "6188129325648"]
[EventType "team-tourn"]
[EventCountry "CRO"]

1.d4 Nf6 2.c4 e6 3.Nc3 Bb4 4.Nf3 d5 5.Qa4+ Nc6 6.Bg5 {Mamedyarov likes to sacrifice pawns in the opening, but this time it seems as he felt victim of Aronian's famous opening laboratiry.} 6...dxc4 7.a3 Bxc3+ 8.bxc3 Qd5 {"I thought I remember everything about this move, but I obviously did not. Or maybe this was just a bad position (for me)?" (Mamedyarov).} 9.Bxf6 gxf6 10.g3 ( {Perhaps} 10.Nd2 {intending e2-e4 is the only way to create enough play.} ) 10...Bd7 ( {Instead} 10...b5 11.Qc2 Bb7 12.e4 Qd7 13.Bg2 Na5 14.O-O Nb3 {is the course of the game Dragun,K (2597)-Swiercz,D (2654) New York 2018.} ) 11.Qc2 Na5 12.e4 Qd6 13.Bg2 Nb3 $146 {A novelty in comparison to a very old game.} ( {That predecessor went} 13...O-O-O 14.e5 fxe5 15.Nxe5 Be8 16.Rb1 ( 16.O-O $5 f6 17.Ng4 {provides compensation for the pawn.} ) 16...f6 17.Qb2 fxe5 18.Bxb7+ Nxb7 19.Qxb7+ Kd7 20.O-O {White obviously does not have enough attack for the piece here either, Budo,A-Ragozin,V Leningrad 1936 HCL [ChessBase].} ) 14.Rd1 {"One pawn or two pawns, it is not a big difference" (Mamedyarov).} ( {In case of} 14.Rb1 {White is afraid of:} 14...e5 ) 14...Qxa3 15.O-O O-O-O 16.Qe2 {"It is already very bad position (for me)" (Mamedyarov). The knight on b3 is a monster that does not allow White a chance to use the open files. But this is not its only advantage.} 16...Bb5 17.Rb1 ( {Maybe} 17.e5 f5 18.Ng5 Rd7 19.d5 {is worth a try.} ) 17...c6 18.Rfd1 a5 {Aronian makes progress on the queenside while Mamedyarov simply waited in the past few moves. With his next move he tries to get rid of the black knight and open files on the queenside.} 19.Nd2 {However, now comes a piece of magic:} 19...Nxd4 $3 {Obviously foreseen by Aronian in advance.} ( {The dull} 19...Nxd2 20.Qxd2 Qe7 ( 20...a4 21.Rb4 ) 21.d5 {promises White good attacking possibilities.} ) 20.cxd4 Rxd4 {The pawns get into motion.} 21.Ra1 Qb2 22.Rab1 c3 $1 {The point behind Black's sacrifice.} ( {It was even better to execute this move after the preliminary} 22...Qc2 23.Rbc1 {And now} 23...c3 24.Qf3 Qxc1 25.Rxc1 cxd2 26.Rd1 Ba4 {clearing the road for the pawns and winning the game.} ) 23.Qf3 ( {Practically nothing is changed after} 23.Qh5 Rxd2 24.Rxb2 cxb2 25.Rb1 Rhd8 ) 23...Rxd2 24.Rxb2 cxb2 {The sacrifice works spectacularly well. Nominally speaking, the queen is stronger than the rook and the three pawns. But this pawn on b2, is it just a pawn? It is almost nine pawns right now!} 25.Bf1 {Allows a beautiful finish.} ( {After} 25.Rb1 Rhd8 26.Bf1 {Black would have won with} 26...Bd3 27.Bxd3 R8xd3 28.Qh5 Rc3 {supporting the pawn to its promotional square.} ) 25...Rhd8 {Not a bad move, but...very uncharacteristic for Aronian. He misses beautiful tactics.} ( {The study-like} 25...Be2 $3 {"is winning easily" (Mamedyarov). For example,} 26.Bxe2 ( {or} 26.Qxe2 Rxe2 27.Bxe2 a4 {and the pawns are unstoppable.} ) 26...Rxd1+ 27.Bxd1 b1=Q {and Black wins.} ) 26.Rb1 Bxf1 27.Kxf1 Rc2 {A second slip in a row.} ( {It was not too late to wrap up the game with} 27...R8d3 $1 28.Qh5 ( 28.Qg4 a4 ) 28...a4 {The pawns are unstoppable. If the queen tries to go for perpetual, no defenders are left at all:} 29.Qxf7 Rd1+ 30.Rxd1 Rxd1+ 31.Kg2 b1=Q ) 28.Kg2 Rdd2 29.Qxf6 $1 {Not just winning a pawn, but setting free his king.} ( {Perhaps Aronian only calculated lines such as} 29.Qa3 Rxf2+ 30.Kh3 h5 $1 {when White is getting checkmated.} ) 29...a4 {The threat is Rxf2+ followed by massive trades and a4-a3.} 30.Kh3 Rxf2 31.Qh8+ ( 31.Qe7 $1 {might have been even more careful, preparing for the perpetual.} ) 31...Kc7 32.Qd4 f6 {Misses the last chance. Without the support of the a4 pawn, the b2 passer is no longer a monster.} ( 32...b5 $1 {"should be also winning for Black as there are no checks" (Mamedyarov). This is not that certain. After:} 33.Qa7+ Kd6 34.Kg4 $1 {The black king is exposed and even measures such as} 34...Ke5 $1 35.Rd1 h5+ $5 36.Kxh5 Rfd2 37.Rf1 Kxe4 {would not necessarily save it from the annoying white pieces after} 38.Qxf7 {Most likely White should be able to find a perpetual here.} ) 33.Qxa4 Rxh2+ ( {After:} 33...h5 34.Qa5+ b6 35.Qa7+ Kd6 {Both} 36.e5+ {(Aronian)} ( {and} 36.Rd1+ {(Mamedyarov) should lead to a draw:} 36...Ke5 37.Qc7+ Kxe4 38.Re1+ Kd5 39.Rd1+ Kc5 40.Qd6+ Kb5 41.Qd3+ Kb4 42.Qd6+ ) 36...Kxe5 37.Re1+ Rfe2 38.Rxe2+ Rxe2 39.Qxb6 ) 34.Kg4 h5+ 35.Kf4 Rhf2+ {Aronian decided it is time to force a draw.} 36.Ke3 Rfe2+ 37.Kf3 Rf2+ 38.Ke3 Rfe2+ 39.Kf3 Rf2+ {A miraculous escape for Mamedyarov!} 1/2-1/2